| 000 | 00507nam a2200169 a 4500 | ||
|---|---|---|---|
| 005 | 20140412111234.0 | ||
| 008 | 010604s19uu xx 00 eng d | ||
| 020 | _a0-86163-961-8 | ||
| 050 |
_aM 220.9 _bJ774 2000 |
||
| 245 |
_aJoseph and his brothers / _cillustrated by Pamela Johnson. |
||
| 260 |
_aLondon : _bAward Publications Limited, _c2000. |
||
| 300 | _a1v. (unp.) ; ill. | ||
| 440 | _aSee and Say Storybook | ||
| 650 | _aBible stories, O.T. | ||
| 650 | _aBible Character, O.T. | ||
| 999 |
_c102309 _d102309 |
||